Ophtalmologues - Statistiques

Statistiques générales
  • Ce quiz a été pris 32 fois
  • Le résultat moyen est 7 sur 10
Statistiques - réponses
Hint Réponse % Correct
Nombre de chaises libres dans la salle d'attente de nos jours lorsque vous avez rendez-vous chez un ophtalmologue 0
96%
% de personnes qui s'endorment dans la salle d'attente avant son arrivée (homonyme de ce qui coule dans nos veines) 100
96%
Délai en années pour obtenir un rendez-vous quand la secrétaire daigne répondre (chiffre compris entre 1 et 3) 2
92%
Temps d'attente auquel on doit rajouter 1 h s'il est parti jouer au golf avant qu'il nous reçoive (c'est aussi le nom d'une ville de l'Aube) 3
92%
Nombre de personnes qui ont rendez-vous en même temps (la moitié de ce qui coule dans nos veines si on parle de son homonyme) 50
84%
Durée de la consultation en secondes (c'est aussi l'âge auquel on partait à la retraite il n'y a pas si longtemps) 60
84%
Année du magazine le plus récent que l'on trouve dans son cabinet si toutefois on a de la chance (année de naissance de Ryan Gosling) 1980
64%
nom du métier de la personne qui va vous faire lire des A, B, C, D dans toutes les tailles, qui permet aux ophtalmos d'avoir plus de temps pour faire la sieste orthoptiste
52%
Mot qui indique la façon dont il nous traite la plupart du temps (synonyme de bestiau) bétail
28%
type de lecture que l'on ne risque pas de trouver chez lui ; ça nous déstresserait pourtant pas mal érotique
8%
Aucun quiz correspondant
Distribution des résultats
% des personnes avec chaque résultat
Percentile par nombre de réponses
Votre historique - résultats
Vous n’avez pas pris ce quiz